[Event "27th Czech Open A 2016"]
[Site "Pardubice CZE"]
[Date "2016.07.26"]
[Round "5.82"]
[White "Wallner, Joachim"]
[Black "Lagashin, Pavel"]
[Result "0-1"]
[WhiteTitle "FM"]
[WhiteElo "2333"]
[BlackElo "2148"]
[WhiteFideId "1608720"]
[BlackFideId "24132144"]
[EventDate "2016.07.22"]

1. b3 d5 2. Bb2 Bg4 3. f3 Bf5 4. e3 c6 5. Ne2 e6 6. Ng3 Bg6 7. Be2 h5 8. f4 Nf6
9. d3 h4 10. Nf1 Nbd7 11. Nbd2 Qa5 12. a3 Bd6 13. b4 Qc7 14. c4 e5 15. cxd5 cxd5
16. Rc1 Qd8 17. fxe5 Nxe5 18. Nf3 Nxf3+ 19. Bxf3 O-O 20. Kf2 Qe7 21. Qb3 a5 22.
g3 axb4 23. axb4 Bxb4 24. Bxf6 Qxf6 25. Qxb4 Ra2+ 26. Nd2 Rb2 27. Qc3 Qxc3 28.
Rxc3 Rxd2+ 29. Ke1 Rb2 30. Bd1 Ra8 31. Rf1 d4 0-1

[Event "27th Czech Open A 2016"]
[Site "Pardubice CZE"]
[Date "2016.07.26"]
[Round "5.83"]
[White "Kozusek, Daniel"]
[Black "Machan, Jan"]
[Result "0-1"]
[BlackTitle "FM"]
[WhiteElo "2175"]
[BlackElo "2322"]
[WhiteFideId "349500"]
[BlackFideId "334774"]
[EventDate "2016.07.22"]

1. Nf3 c5 2. e4 d6 3. Nc3 Nf6 4. d4 cxd4 5. Nxd4 a6 6. h3 e5 7. Nde2 h5 8. Ng1
b5 9. Nf3 Bb7 10. Ng5 Be7 11. Qf3 Nbd7 12. a4 b4 13. Bc4 O-O 14. Nd1 d5 15. exd5
Nb6 16. b3 e4 17. Qe2 Nbxd5 18. O-O Qc7 19. Bxd5 Bxd5 20. Ne3 Qe5 21. Nxd5 Nxd5
22. Qxe4 Qxe4 23. Nxe4 f5 24. Nd2 Bf6 25. c4 Bxa1 26. cxd5 Rad8 27. Nc4 Rxd5 28.
Bd2 Bf6 29. Re1 Bc3 30. Bxc3 bxc3 31. Rc1 Rfd8 32. Rxc3 Rd3 33. Rxd3 Rxd3 34.
Na5 Rd1+ 35. Kh2 f4 36. Nb7 Rd5 37. b4 Rd4 38. b5 Rxa4 39. bxa6 Rxa6 40. Nc5 Ra2
41. Ne4 Re2 42. f3 Kf7 43. h4 Rxe4 44. fxe4 Kf6 45. Kg1 Ke5 46. Kf2 Kxe4 47. Ke2
Kf5 48. Kf3 g6 0-1

[Event "27th Czech Open A 2016"]
[Site "Pardubice CZE"]
[Date "2016.07.26"]
[Round "5.84"]
[White "Nun, Jiri"]
[Black "Adamowicz, Katarzyna"]
[Result "1/2-1/2"]
[WhiteTitle "IM"]
[BlackTitle "WFM"]
[WhiteElo "2317"]
[BlackElo "2145"]
[WhiteFideId "300179"]
[BlackFideId "1134043"]
[EventDate "2016.07.22"]

1. e4 e5 2. Bc4 Bc5 3. Nf3 Nc6 4. c3 Nf6 5. d3 d6 6. h3 a5 7. a4 h6 8. Bb3 O-O
9. Nbd2 Re8 10. O-O Be6 11. Bxe6 fxe6 12. Re1 d5 13. Qb3 Rb8 14. Nf1 Kh7 15. Ng3
Qd6 16. Bd2 Nd7 17. Rad1 Bb6 18. d4 exd4 19. cxd4 Kh8 20. e5 Qe7 21. Qd3 Qf7 22.
Be3 Ne7 23. Nh4 Nf8 24. Qd2 Kh7 25. Rc1 Nfg6 26. Nxg6 Qxg6 27. Ne2 Nf5 28. Nf4
Qf7 29. Rf1 c6 30. Ne2 Bd8 31. g4 Nh4 32. f4 Qg6 33. Ng3 Nf5 34. Nxf5 exf5 35.
Qd3 Rf8 36. Rc2 Qe6 37. Rg2 g6 38. Kh1 Be7 39. Rfg1 Rg8 40. Bd2 b6 41. Be3 1/2-1/2

[Event "27th Czech Open A 2016"]
[Site "Pardubice CZE"]
[Date "2016.07.26"]
[Round "5.85"]
[White "Martinkus, Rolandas"]
[Black "Lerch, Philipp"]
[Result "0-1"]
[WhiteTitle "FM"]
[BlackTitle "FM"]
[WhiteElo "2172"]
[BlackElo "2315"]
[WhiteFideId "12800481"]
[BlackFideId "4654129"]
[EventDate "2016.07.22"]

1. c4 c5 2. Nf3 Nc6 3. d4 cxd4 4. Nxd4 Nf6 5. Nc3 e6 6. Ndb5 d6 7. Bf4 e5 8. Bg5
a6 9. Na3 Be7 10. Bxf6 Bxf6 11. e4 O-O 12. h4 Be6 13. Nc2 g6 14. g3 Bg7 15. h5
Qb6 16. Rb1 Nd4 17. Ne3 Qb4 18. Bd3 b5 19. Kf1 bxc4 20. Ncd5 Qb7 21. Bxc4 h6 22.
hxg6 fxg6 23. Be2 Qf7 24. Rh2 h5 25. Rc1 Ra7 26. Kg1 Bh6 27. Rc3 Bxe3 28. Nxe3
Qb7 29. b3 Qb4 30. Rd3 Rc7 31. Kf1 Nxe2 32. Qxe2 Rc1+ 33. Rd1 Rfc8 34. Rh4 Rxd1+
35. Qxd1 Qd4 36. Qe2 Rc1+ 37. Kg2 Rb1 38. Nf5 Qd1 39. Qe3 Bxf5 40. exf5 Qf1+ 41.
Kf3 Rd1 0-1

[Event "27th Czech Open A 2016"]
[Site "Pardubice CZE"]
[Date "2016.07.26"]
[Round "5.86"]
[White "Nemeth, Zoltan"]
[Black "Ciolek, Andreas"]
[Result "1-0"]
[WhiteTitle "IM"]
[WhiteElo "2310"]
[BlackElo "2134"]
[WhiteFideId "700657"]
[BlackFideId "12906727"]
[EventDate "2016.07.22"]

1. Nf3 Nf6 2. g3 g6 3. c4 Bg7 4. d4 O-O 5. Bg2 d6 6. Nc3 Nc6 7. b3 a6 8. Bb2 Rb8
9. Rc1 Bd7 10. O-O b5 11. d5 Na5 12. cxb5 axb5 13. Nd4 b4 14. Na4 e5 15. dxe6
fxe6 16. Nc6 Nxc6 17. Bxc6 Bxc6 18. Rxc6 Qd7 19. Qc2 e5 20. Rxc7 Qh3 21. Qc4+ d5
22. Qh4 Qf5 23. Bc1 h5 24. f3 Ne8 25. Rc5 e4 26. Kg2 Bd4 27. Rc6 Rc8 28. Rxc8
Qxc8 29. Qg5 Qc6 30. Rd1 Rf5 31. Qd2 Ba7 32. Qxb4 d4 33. Qc4+ Qxc4 34. bxc4 d3
35. f4 Ra5 36. Nc3 Bd4 37. Nb5 Bc5 38. exd3 Rxa2+ 39. Rd2 Ra1 40. d4 Rxc1 41.
dxc5 Rxc4 42. Nd6 Nxd6 43. cxd6 Rc8 44. d7 Rd8 45. Kf2 Kf7 46. Ke3 Ke7 47. Kxe4
Rxd7 48. Rxd7+ Kxd7 49. f5 gxf5+ 50. Kxf5 h4 51. g4 Ke7 52. h3 1-0

[Event "27th Czech Open A 2016"]
[Site "Pardubice CZE"]
[Date "2016.07.26"]
[Round "5.87"]
[White "Yakimenko, Alexander A."]
[Black "Dhanush, Bharadwaj"]
[Result "0-1"]
[WhiteElo "2171"]
[BlackElo "2296"]
[WhiteFideId "24141917"]
[BlackFideId "25058746"]
[EventDate "2016.07.22"]

1. e4 c5 2. Nc3 Nc6 3. f4 g6 4. Nf3 Bg7 5. Bc4 e6 6. O-O Nge7 7. d3 O-O 8. a3
Nd4 9. Nxd4 cxd4 10. Ne2 d5 11. Ba2 dxe4 12. dxe4 b6 13. Qd3 a5 14. Bc4 Bb7 15.
Ng3 Rc8 16. Bd2 Qc7 17. b3 Qc6 18. Rae1 Ba8 19. Re2 Qc7 20. Ref2 Nc6 21. Re1 Bb7
22. Bc1 Rfe8 23. Nf1 Ne7 24. Bb2 Rcd8 25. Nd2 Bc6 26. Qh3 Nc8 27. Bd3 b5 28. Nf3
Nd6 29. Ng5 h6 30. Nf3 Nb7 31. f5 exf5 32. exf5 Qd6 33. Qg4 Bd7 34. Rxe8+ Rxe8
35. Nd2 Nc5 36. Ne4 Nxe4 37. Bxe4 Qe5 38. Bd3 h5 39. Qf3 Bxf5 40. Re2 Qb8 41.
Bxf5 gxf5 42. Qxh5 Re4 43. Bc1 Qb6 44. Kf1 Qc6 45. Qf3 Qe6 46. h3 a4 47. bxa4
bxa4 48. g4 Rxe2 49. Qxe2 Qc6 50. Qg2 Qc4+ 51. Qe2 Qd5 52. Qg2 Qb5+ 53. Qe2 Qb1
54. Qd2 fxg4 55. hxg4 Qb5+ 56. Qd3 Qc6 57. Kg1 Qe6 58. Qd1 Qe4 59. g5 Be5 60.
Qd3 Qg4+ 61. Kf2 Qh4+ 62. Ke2 Qh2+ 63. Kf3 Qh1+ 64. Kg4 Qxc1 65. Qe4 Qe3 0-1

[Event "27th Czech Open A 2016"]
[Site "Pardubice CZE"]
[Date "2016.07.26"]
[Round "5.88"]
[White "Rabatin, Jakub"]
[Black "Oberhofer, Cedric"]
[Result "1/2-1/2"]
[WhiteTitle "FM"]
[WhiteElo "2281"]
[BlackElo "2091"]
[WhiteFideId "329517"]
[BlackFideId "12941220"]
[EventDate "2016.07.22"]

1. e4 c5 2. Nf3 d6 3. d4 cxd4 4. Nxd4 Nf6 5. Nc3 a6 6. g3 e6 7. Bg2 Be7 8. O-O
O-O 9. Be3 Bd7 10. f4 Nc6 11. Kh1 Qc7 12. Nxc6 Bxc6 13. g4 Rfe8 14. g5 Nd7 15.
Rf3 b5 16. Rh3 b4 17. Qh5 Nf8 18. Ne2 Qb7 19. Ng3 g6 20. Qh4 Bd8 21. Rd1 Bb6 22.
Bxb6 Qxb6 23. Ne2 Qb7 24. Re3 d5 25. exd5 Bxd5 26. Bxd5 exd5 27. Rxe8 Rxe8 28.
Qf2 Ne6 29. Kg1 Rc8 30. Rd2 Rc4 31. Nd4 Qc7 32. Nxe6 fxe6 33. Qe2 Kf7 34. Qe3
Rxf4 35. Rf2 Rf5 36. Qd4 Qe7 37. Rxf5+ gxf5 38. h4 Kg8 39. Kf1 a5 40. Qe5 Qf7
41. c3 bxc3 42. Qxc3 a4 43. b4 axb3 44. axb3 Qd7 45. Qf6 d4 46. g6 hxg6 47.
Qxg6+ Kh8 48. Qh6+ Kg8 1/2-1/2

[Event "27th Czech Open A 2016"]
[Site "Pardubice CZE"]
[Date "2016.07.26"]
[Round "5.89"]
[White "Popov, Mikhail"]
[Black "Sucharda, David"]
[Result "1-0"]
[WhiteTitle "FM"]
[WhiteElo "2280"]
[BlackElo "2051"]
[WhiteFideId "4146182"]
[BlackFideId "358584"]
[EventDate "2016.07.22"]

1. Nf3 Nf6 2. c4 e6 3. Nc3 d5 4. d4 c6 5. Bg5 Be7 6. e3 Nbd7 7. Bd3 dxc4 8. Bxc4
b5 9. Bd3 a6 10. e4 b4 11. Na4 h6 12. Bh4 O-O 13. Rc1 Qa5 14. O-O g5 15. Bg3 c5
16. Nd2 b3 17. Rc4 cxd4 18. Nxb3 Qd8 19. Bc7 Qe8 20. Na5 e5 21. Qe2 Bd8 22. Rfc1
Bxc7 23. Rxc7 Qe6 24. b4 Qg4 25. Qxg4 Nxg4 26. Nc6 Re8 27. Na7 Rxa7 28. Rxa7 Nf8
29. Ra8 Bd7 30. Rxe8 Bxe8 31. Nc5 Bb5 32. a4 Bxd3 33. Nxd3 Ne6 34. b5 1-0

[Event "27th Czech Open A 2016"]
[Site "Pardubice CZE"]
[Date "2016.07.26"]
[Round "5.90"]
[White "Karas, Marek"]
[Black "Chekletsov, Egor"]
[Result "1/2-1/2"]
[WhiteTitle "FM"]
[WhiteElo "2278"]
[BlackElo "2009"]
[WhiteFideId "14928558"]
[BlackFideId "24175315"]
[EventDate "2016.07.22"]

1. d4 Nf6 2. c4 c5 3. d5 e6 4. Nc3 exd5 5. cxd5 d6 6. Nf3 g6 7. g3 Bg7 8. Bg2
O-O 9. O-O Na6 10. Nd2 Nc7 11. a4 b6 12. Nc4 Ba6 13. Qb3 Qd7 14. Re1 Bxc4 15.
Qxc4 a6 16. Bf4 b5 17. axb5 axb5 18. Qb3 b4 19. Rxa8 Rxa8 20. Ne4 Nxe4 21. Bxe4
Qe7 22. Bd3 1/2-1/2

[Event "27th Czech Open A 2016"]
[Site "Pardubice CZE"]
[Date "2016.07.27"]
[Round "6.1"]
[White "Movsesian, Sergei"]
[Black "Anurag, Mhamal"]
[Result "1-0"]
[WhiteTitle "GM"]
[BlackTitle "IM"]
[WhiteElo "2666"]
[BlackElo "2392"]
[WhiteFideId "310204"]
[BlackFideId "5024366"]
[EventDate "2016.07.22"]

1. e4 e5 2. Nf3 Nf6 3. Nxe5 d6 4. Nf3 Nxe4 5. c4 Nc6 6. d4 d5 7. a3 Be7 8. Bd3
Bf5 9. Qc2 Bg6 10. O-O O-O 11. Re1 Nf6 12. c5 Ne4 13. Nc3 Bf6 14. Be3 Re8 15.
Rad1 Qd7 16. Ne2 Re7 17. Nf4 Rd8 18. b4 a6 19. h3 Na7 20. Ne5 Bxe5 21. dxe5 Rxe5
22. Nxg6 hxg6 23. Bf4 Re6 24. Bxe4 Qe7 25. Qd3 Nc6 26. Qg3 Rxe4 27. Rxe4 dxe4
28. Rxd8+ Qxd8 29. Bxc7 Qd1+ 30. Kh2 Qd3 31. Qg4 Kh7 32. Qc8 Nd4 33. Qxb7 Qe2
34. Bg3 f5 35. Qe7 Qd1 36. Be5 1-0

[Event "27th Czech Open A 2016"]
[Site "Pardubice CZE"]
[Date "2016.07.27"]
[Round "6.2"]
[White "Ponizil, Cyril"]
[Black "Laznicka, Viktor"]
[Result "1/2-1/2"]
[WhiteTitle "IM"]
[BlackTitle "GM"]
[WhiteElo "2510"]
[BlackElo "2654"]
[WhiteFideId "322202"]
[BlackFideId "316385"]
[EventDate "2016.07.22"]

1. e4 c6 2. d4 d5 3. exd5 cxd5 4. Bd3 Nf6 5. c3 Nc6 6. Bf4 g6 7. Nf3 Bf5 8. Bxf5
gxf5 9. Nbd2 Rg8 10. O-O Nh5 11. Bg3 Nxg3 12. hxg3 e6 13. c4 Qd7 14. a3 Rg4 15.
Rc1 Rd8 16. Nb3 Bg7 17. cxd5 Qxd5 18. Rc5 Qd6 19. Qc2 Nxd4 20. Nbxd4 Bxd4 21.
Nxd4 Rxd4 22. Rc7 Qb6 23. Qc3 Kf8 24. Rc1 e5 25. Qf3 Rd1+ 26. Rxd1 Rxd1+ 27.
Qxd1 Qxc7 28. Qd2 Ke8 29. b4 Ke7 30. Qg5+ Ke6 31. Qg8 h5 32. Qg5 Qc3 33. Qh6+ f6
34. Qxh5 Qe1+ 35. Kh2 Qxf2 36. Qe8+ Kd5 37. Qb5+ Ke4 38. Qxb7+ Kd3 39. Qb5+ Kd2
40. Qc5 Qd4 41. a4 Kd3 42. a5 e4 43. Qxf5 Kc4 44. b5 e3 45. b6 axb6 46. Qe6+ Kb5
47. axb6 Ka6 48. Qc6 Qxb6 49. Qa4+ Kb7 50. Qd7+ Ka6 1/2-1/2

[Event "27th Czech Open A 2016"]
[Site "Pardubice CZE"]
[Date "2016.07.27"]
[Round "6.3"]
[White "Ganguly, Surya Shekhar"]
[Black "Potapov, Pavel"]
[Result "1-0"]
[WhiteTitle "GM"]
[BlackTitle "GM"]
[WhiteElo "2676"]
[BlackElo "2483"]
[WhiteFideId "5002150"]
[BlackFideId "4169786"]
[EventDate "2016.07.22"]

1. e4 c5 2. Nf3 Nc6 3. d4 cxd4 4. Nxd4 e5 5. Nb5 d6 6. c4 g6 7. Be2 Be6 8. O-O
a6 9. N5c3 Bg7 10. Na3 Nf6 11. Be3 O-O 12. Nc2 Rc8 13. b3 Qa5 14. Bd2 Qd8 15.
Rc1 Nd4 16. f3 Nxc2 17. Rxc2 Qb6+ 18. Kh1 Nh5 19. Qc1 f5 20. Be3 Qc7 21. Qd2 Nf4
22. Rcc1 g5 23. exf5 Bxf5 24. Rfd1 Rcd8 25. Bf1 Kh8 26. g3 Ne6 27. Bxg5 Nxg5 28.
Qxg5 Bg6 29. Bg2 Qc5 30. Nd5 Rd7 31. b4 Qf2 32. Rd2 Qa7 33. Ne7 Rf6 34. Nc8 Qb8
35. Nb6 Rdf7 36. Nd5 Rf5 37. Qe3 Qf8 38. Qe2 Bh6 39. f4 exf4 40. gxf4 Bxf4 41.
Nxf4 Rxf4 42. Re1 Kg7 43. h3 Qc8 44. Rxd6 Qxc4 45. Qe5+ Kh6 46. Rg1 R4f5 47. Qb2
Rf2 48. Rd2 Rxd2 49. Qxd2+ Qf4 50. Qe1 Qf2 51. Qc1+ Qf4 52. Qe1 Qf2 53. Qe6 Rf6
54. Qb3 b6 55. Qc3 Rf7 56. a3 Qf6 57. Qd2+ Qf4 58. Qd8 Qf6 59. Qa8 b5 60. Qc8
Qd6 61. Re1 Rf6 62. Qc1+ Kg7 63. Qc3 Kh6 64. Qc1+ Kg7 65. Rd1 Qe5 66. Qd2 Re6
67. Qd7+ Re7 68. Qd6 Qe2 69. Qd4+ Kh6 70. Qf4+ Kg7 71. Rf1 Rf7 72. Qd4+ Kh6 73.
Rxf7 Bxf7 74. Qf6+ Bg6 75. h4 Qe1+ 76. Kh2 Qd2 77. Qe5 Bh5 78. Qf6+ Bg6 79. Kg3
Qe1+ 80. Kh3 Qe8 81. Bf3 Qf7 82. Qxf7 Bxf7 83. Bb7 Kg6 84. Bxa6 Be8 85. Kg4 Bc6
86. Bc8 h6 87. Bf5+ Kf6 88. Kf4 Be8 89. Bh3 Bc6 90. Bg4 Bd5 91. Bd7 Bc4 92. Ke4
Ke7 93. Bc8 Kd6 94. Ba6 Bd5+ 95. Kf5 Bc6 96. Kg6 Ke5 97. Kxh6 Kf6 98. Bc8 Be8
99. Bg4 Bc6 100. Bd1 Be8 101. Be2 Bc6 102. Kh5 Bd7 103. Bf1 1-0

[Event "27th Czech Open A 2016"]
[Site "Pardubice CZE"]
[Date "2016.07.27"]
[Round "6.4"]
[White "Kravtsiv, Martyn"]
[Black "Puranik, Abhimanyu"]
[Result "1-0"]
[WhiteTitle "GM"]
[BlackTitle "IM"]
[WhiteElo "2631"]
[BlackElo "2475"]
[WhiteFideId "14113147"]
[BlackFideId "5061245"]
[EventDate "2016.07.22"]

1. e4 e6 2. d4 d5 3. Nc3 Bb4 4. exd5 exd5 5. Bd3 Nf6 6. Ne2 O-O 7. O-O c6 8. Ng3
Re8 9. h3 Nbd7 10. Qf3 Nf8 11. a3 Be7 12. Nf5 Bxf5 13. Bxf5 Ng6 14. g3 Bd6 15.
Bg5 h6 16. Bd2 Bc7 17. Rfe1 Nf8 18. h4 Ne6 19. Qd3 Qd6 20. Na4 b6 21. Nc3 b5 22.
Kg2 a5 23. Ne2 Bb6 24. c3 a4 25. Nf4 Nf8 26. Qf3 N6d7 27. Nh5 Rxe1 28. Rxe1 Nf6
29. Qf4 Qxf4 30. Nxf6+ gxf6 31. Bxf4 Kg7 32. Re7 Ra7 33. Re8 Ng6 34. Bd6 1-0

[Event "27th Czech Open A 2016"]
[Site "Pardubice CZE"]
[Date "2016.07.27"]
[Round "6.5"]
[White "Smirnov, Anton"]
[Black "Nabaty, Tamir"]
[Result "0-1"]
[WhiteTitle "IM"]
[BlackTitle "GM"]
[WhiteElo "2478"]
[BlackElo "2622"]
[WhiteFideId "3208923"]
[BlackFideId "2809052"]
[EventDate "2016.07.22"]

1. e4 e5 2. Nf3 Nc6 3. Bb5 a6 4. Ba4 Nf6 5. O-O Bc5 6. c3 O-O 7. d4 Ba7 8. Bg5
h6 9. Bh4 exd4 10. cxd4 d6 11. Bxc6 bxc6 12. Nbd2 Re8 13. Qa4 Bd7 14. e5 g5 15.
Nxg5 hxg5 16. Bxg5 dxe5 17. Ne4 Nxe4 18. Bxd8 Raxd8 19. dxe5 Bf5 20. Qxa6 Bb6
21. a4 Rd2 22. a5 Bxf2+ 23. Rxf2 Nxf2 24. Qxc6 Re6 25. Qf3 Be4 26. Qe3 Rxb2 27.
g4 Rg6 28. h3 Nxg4 29. Qxe4 Nf2+ 30. Qxg6+ fxg6 31. a6 Nxh3+ 32. Kf1 Rb8 33. Rc1
Ra8 34. Rc6 Nf4 35. e6 Nd5 36. Rc5 Ne3+ 37. Kf2 Nf5 38. e7 Kf7 39. e8=Q+ Kxe8 0-1

[Event "27th Czech Open A 2016"]
[Site "Pardubice CZE"]
[Date "2016.07.27"]
[Round "6.6"]
[White "Gurevich, Daniel"]
[Black "Gopal, G.N."]
[Result "1/2-1/2"]
[WhiteTitle "IM"]
[BlackTitle "GM"]
[WhiteElo "2459"]
[BlackElo "2565"]
[WhiteFideId "2044676"]
[BlackFideId "5015693"]
[EventDate "2016.07.22"]

1. d4 Nf6 2. c4 g6 3. Nc3 d5 4. cxd5 Nxd5 5. e4 Nxc3 6. bxc3 Bg7 7. Bc4 c5 8.
Ne2 Nc6 9. Be3 O-O 10. O-O Bg4 11. f3 Bd7 12. Rb1 Qc7 13. Qd2 Rad8 14. Rfc1 Bc8
15. Bf2 Na5 16. Bd3 e5 17. Bh4 Rde8 18. d5 c4 19. Bc2 Qd6 20. Ba4 Bd7 21. Bxd7
Qxd7 22. Rd1 b6 23. Bg5 Nb7 24. Be3 Nd6 25. Ng3 h5 26. Bg5 f6 27. Bh6 Kh7 28.
Bxg7 Kxg7 29. h4 Rb8 30. Rf1 Rbe8 31. Rf2 b5 32. Qe3 a5 33. a3 Rf7 34. Qb6 Qc7
35. Qxc7 Rxc7 36. a4 Rb8 37. axb5 Rxb5 38. Rxb5 Nxb5 39. Ra2 Ra7 40. Ra4 Nxc3
41. Rxc4 Nb5 42. Ra4 Nc3 43. Ra3 Nb5 44. Ra4 1/2-1/2

[Event "27th Czech Open A 2016"]
[Site "Pardubice CZE"]
[Date "2016.07.27"]
[Round "6.7"]
[White "Solozhenkin, Evgeniy"]
[Black "Stocek, Jiri"]
[Result "0-1"]
[WhiteTitle "GM"]
[BlackTitle "GM"]
[WhiteElo "2454"]
[BlackElo "2550"]
[WhiteFideId "4102266"]
[BlackFideId "304760"]
[EventDate "2016.07.22"]

1. d4 Nf6 2. c4 e6 3. Nf3 b6 4. e3 Bb7 5. Bd3 Bb4+ 6. Bd2 Qe7 7. Nc3 O-O 8. O-O
d6 9. Re1 Bxc3 10. Bxc3 Ne4 11. Bxe4 Bxe4 12. Nd2 Bb7 13. e4 e5 14. Nf1 c5 15.
dxe5 dxe5 16. Ne3 Nc6 17. Nd5 Qd6 18. Qh5 Nd4 19. Rad1 Rae8 20. Rd3 Re6 21. Qd1
b5 22. b4 bxc4 23. bxc5 Qxc5 24. Bxd4 exd4 25. Rxd4 f5 26. Nf4 Ree8 27. e5 Be4
28. e6 c3 29. Rd7 c2 30. Qa1 Re7 31. Rxe7 Qxe7 32. Qc3 Qb7 33. f3 Rc8 34. e7 Kf7
35. Qd2 Qxe7 36. Nd3 Bxd3 37. Rxe7+ Kxe7 38. Qc1 Rb8 39. Kf2 Rb1 40. Qa3+ Kf7
41. Qxd3 c1=Q 42. Qxf5+ Ke7 43. Qe5+ Kd8 44. Qd6+ Kc8 45. Qe6+ Kb8 46. Qe8+ Qc8
47. Qe5+ Ka8 48. Qe4+ Rb7 49. Qxh7 Qb8 50. h4 Qe5 51. Kg1 g5 0-1

[Event "27th Czech Open A 2016"]
[Site "Pardubice CZE"]
[Date "2016.07.27"]
[Round "6.8"]
[White "Babula, Vlastimil"]
[Black "Smith, Bryan G"]
[Result "1-0"]
[WhiteTitle "GM"]
[BlackTitle "GM"]
[WhiteElo "2540"]
[BlackElo "2453"]
[WhiteFideId "301264"]
[BlackFideId "2017083"]
[EventDate "2016.07.22"]

1. d4 Nf6 2. c4 e6 3. Nf3 c5 4. d5 b5 5. dxe6 fxe6 6. cxb5 a6 7. bxa6 Bxa6 8. g3
Nc6 9. Bg2 Be7 10. O-O O-O 11. Nc3 Qe8 12. Re1 Qh5 13. h3 d5 14. Ng5 Nd4 15. e3
Nc2 16. Qxc2 Qxg5 17. Ne2 e5 18. Nf4 e4 19. b4 cxb4 20. Bb2 Rfc8 21. Qd2 Bc4 22.
h4 Qf5 23. Bh3 Ng4 24. Bxg4 Qxg4 25. Nxd5 Bxh4 26. Nb6 Rd8 27. Bd4 Be6 28. Nxa8
Rxa8 29. Rac1 Rxa2 30. Rc8+ Bxc8 31. Qxa2+ Be6 32. Qa8+ Kf7 33. Qb7+ Bd7 34.
Qd5+ Be6 35. Qb7+ Bd7 36. Qb8 Be7 37. Rc1 Be6 38. Bc5 Bxc5 39. Rxc5 g5 40. Qd6
b3 41. Rc7+ Kg6 42. Re7 Kf6 43. Rxh7 Kg6 44. Re7 Kf6 45. Rb7 Kf5 46. Qf8+ 1-0

[Event "27th Czech Open A 2016"]
[Site "Pardubice CZE"]
[Date "2016.07.27"]
[Round "6.9"]
[White "Boruchovsky, Avital"]
[Black "Ladva, Ottomar"]
[Result "1-0"]
[WhiteTitle "GM"]
[BlackTitle "IM"]
[WhiteElo "2531"]
[BlackElo "2443"]
[WhiteFideId "2800055"]
[BlackFideId "4500024"]
[EventDate "2016.07.22"]

1. e4 g6 2. d4 Bg7 3. c3 d6 4. Nf3 Nf6 5. Bd3 O-O 6. O-O Nc6 7. h3 e5 8. Re1 h6
9. a4 a5 10. dxe5 dxe5 11. Na3 Nh5 12. Be3 Qe7 13. Qb3 Nd8 14. Nc4 b6 15. Rad1
Bb7 16. Qc2 Bc6 17. Na3 Bb7 18. Bb5 Bc8 19. Qd2 Kh7 20. Nc4 Rb8 21. b4 axb4 22.
cxb4 Bb7 23. a5 bxa5 24. Bc5 Qf6 25. Ncxe5 Ne6 26. Nd7 Qc3 27. Bxf8 1-0

[Event "27th Czech Open A 2016"]
[Site "Pardubice CZE"]
[Date "2016.07.27"]
[Round "6.10"]
[White "Demidov, Mikhail"]
[Black "Cerveny, Martin"]
[Result "0-1"]
[WhiteTitle "IM"]
[BlackTitle "IM"]
[WhiteElo "2514"]
[BlackElo "2384"]
[WhiteFideId "4197143"]
[BlackFideId "321141"]
[EventDate "2016.07.22"]

1. e4 c5 2. Nf3 d6 3. d4 cxd4 4. Nxd4 Nf6 5. Nc3 a6 6. Nb3 e5 7. Bg5 Nbd7 8. a4
Be7 9. a5 O-O 10. Be3 Qc7 11. g4 d5 12. exd5 Bb4 13. Ra4 Bxc3+ 14. bxc3 b5 15.
axb6 Nxb6 16. Bxb6 Qxb6 17. c4 Ne4 18. Qf3 f5 19. Qe3 Qg6 20. c5 Nf6 21. Bg2 f4
22. Qd3 Qxg4 23. Bf3 Qh3 24. Nd2 Rb8 25. c6 Bf5 26. Qc4 e4 27. c7 Rbe8 28. Be2
Qg2 29. Rf1 f3 30. d6+ Kh8 31. Bd1 e3 32. Nxf3 e2 33. Bxe2 Qxf3 34. Kd2 Ne4+ 35.
Qxe4 Qxe4 36. Rxe4 Rxe4 37. Bd3 Rd4 38. Ke3 Rxd3+ 39. cxd3 Kg8 40. Kd4 Kf7 41.
Kc5 Bd7 42. Ra1 Re8 43. d4 Re2 44. d5 Kf6 45. f4 Kf5 46. Rb1 Kxf4 47. Kd4 Rd2+
48. Kc4 Ke5 49. Rg1 g6 50. Kc5 Rc2+ 51. Kb6 Kxd6 52. Rf1 Rb2+ 53. Kxa6 Kxc7 0-1

[Event "27th Czech Open A 2016"]
[Site "Pardubice CZE"]
[Date "2016.07.27"]
[Round "6.11"]
[White "Drnovsek, Gal"]
[Black "Schlosser, Philipp"]
[Result "0-1"]
[WhiteTitle "FM"]
[BlackTitle "GM"]
[WhiteElo "2359"]
[BlackElo "2509"]
[WhiteFideId "14607077"]
[BlackFideId "4600169"]
[EventDate "2016.07.22"]

1. d4 d5 2. c4 e6 3. Nc3 Be7 4. cxd5 exd5 5. Bf4 c6 6. e3 Bf5 7. g4 Be6 8. h3
Nd7 9. Bg2 Nb6 10. Nf3 Nf6 11. O-O O-O 12. Ne5 Nfd7 13. Nd3 Kh8 14. Bg3 f5 15.
Nf4 Bg8 16. Qc2 fxg4 17. hxg4 Bh4 18. Bh2 Qg5 19. Bf3 Rae8 20. Rad1 Nc4 21. Qe2
Qh6 22. b3 Nd6 23. Bg2 Bd8 24. Nd3 Ne4 25. Nxe4 dxe4 26. Ne5 Bc7 27. Nf7+ Bxf7
28. Bxc7 Bd5 29. Bf4 g5 30. Bg3 Rf3 31. Rc1 Nf6 32. Rfe1 Nxg4 33. Bxf3 exf3 34.
Qf1 Re4 35. Rc5 Qh5 36. Rec1 Re6 37. Rxd5 Rh6 38. Rd8+ Kg7 39. Rd7+ Kf8 40. Rd8+
Ke7 41. Re8+ Kxe8 0-1

[Event "27th Czech Open A 2016"]
[Site "Pardubice CZE"]
[Date "2016.07.27"]
[Round "6.12"]
[White "Plat, Vojtech"]
[Black "Konguvel, Ponnuswamy"]
[Result "1/2-1/2"]
[WhiteTitle "IM"]
[BlackTitle "IM"]
[WhiteElo "2498"]
[BlackElo "2379"]
[WhiteFideId "325740"]
[BlackFideId "5000548"]
[EventDate "2016.07.22"]

1. d4 Nf6 2. c4 g6 3. g3 c6 4. Bg2 d5 5. Nf3 Bg7 6. Nc3 dxc4 7. O-O O-O 8. e4 b5
9. Re1 Na6 10. Ne5 Bb7 11. a4 Nc7 12. axb5 cxb5 13. d5 Nd7 14. Nxd7 Qxd7 15. Be3
a5 16. Bb6 a4 17. e5 b4 18. Nxa4 Nxd5 19. Bd4 Qb5 20. Nc5 Rxa1 21. Qxa1 Bc6 22.
Bf1 Ba8 23. Qa7 Qc6 24. Bg2 Qc7 25. Qxc7 Nxc7 26. Rc1 Bxg2 27. Kxg2 Rc8 28. Rxc4
Ne6 29. Be3 Bxe5 30. Re4 Bd6 31. Nxe6 fxe6 32. Rxe6 Rc2 33. Bd4 Rc4 34. Ba7 Rc2
35. b3 Kf7 36. Re3 e5 37. Rd3 Ke6 38. Kf3 Bc5 39. Bxc5 1/2-1/2

[Event "27th Czech Open A 2016"]
[Site "Pardubice CZE"]
[Date "2016.07.27"]
[Round "6.13"]
[White "Kononenko, Dmitry1"]
[Black "Duzhakov, Ilya"]
[Result "1/2-1/2"]
[WhiteTitle "GM"]
[BlackTitle "FM"]
[WhiteElo "2621"]
[BlackElo "2404"]
[WhiteFideId "14113007"]
[BlackFideId "4192516"]
[EventDate "2016.07.22"]

1. e4 e6 2. d4 d5 3. Nd2 c5 4. Ngf3 cxd4 5. Nxd4 Nf6 6. exd5 Nxd5 7. N2f3 Bb4+
8. Bd2 O-O 9. c4 e5 10. cxd5 Bxd2+ 11. Qxd2 exd4 12. Qxd4 Re8+ 13. Be2 b6 14.
Kf1 Qd6 15. Rd1 Nd7 16. Nd2 Rxe2 17. Kxe2 Ba6+ 18. Nc4 Re8+ 19. Kd2 Qb4+ 20. Qc3
Qxc4 21. Qxc4 Bxc4 22. d6 Bxa2 23. Ra1 Bd5 24. Rxa7 Bxg2 25. Re1 Rxe1 1/2-1/2